Score 0/18 Timer 03:00
1 Play Today
Song title Missing word % Correct
Little ___ Corvette
by Prince
Red
92.6%
___ Benz
by Janis Joplin
Mercedes
91.9%
Brand ___ Cadillac
by The Clash
New
91.7%
Coupe ___ Ville
by Neil Young and the Bluenotes
De
89.8%
___ Changing My Name to Chrysler
by Arlo Guthrie
I'm
88.5%
___ Rod Lincoln
by Commander Cody and His Lost Planet Airmen
Hot
86.7%
___ Camino
by Elizabeth Cook
El
84.4%
Mustang ___
by Wilson Pickett
Sally
80.3%
___ Deuce Coupe
by The Beach Boys
Little
74.5%
Song title Missing word % Correct
___ Econoline
by Nancy Griffith
Ford
70.8%
___ Martin Music
by Rick Ross
Aston
58.4%
___ Black Cadillacs
by Carrie Underwood
Two
55.6%
From a ___ 6
by Bob Dylan
Buick
40.2%
Hey ___
by Nelly
Porsche
34.8%
___ Cowgirl
by Sheryl Crow
Volvo
24.8%
___ and Thunderbird
by Chuck Berry
Jaguar
19.4%
Go Lil' ___ Go
by The Ramones
Camaro
18.2%
___ Cortina
by Tom Robinson Band
Grey
10%

Today's Daily Dose

You're not logged in!

Compare scores with friends on all Sporcle quizzes.
OR
Log In

Sporcle TV

Today on Sporcle TV


Watch our educational content, quiz creation guides, and fun videos on Sporcle TV.

Show Comments

Extras

Top Quizzes Today


Score Distribution

Paid Content

Your Account Isn't Verified!

In order to create a playlist on Sporcle, you need to verify the email address you used during registration. Go to your Sporcle Settings to finish the process.

Report this User

Report this user for behavior that violates our Community Guidelines.

Details: